000 00362nam a2200133Ia 4500
008 191201s2005 xx 000 0 und d
100 _aSUKHATME, SP
245 0 _aSolar Energy: Principal of Thermal Collection and Storage
250 _a2nd
260 _aN.Delhi
_bTata MC Graw Hill Pubg. co. Ltd
_c2005
300 _a426
650 _aB.Tech(ECE)
942 _2ddc
_cBK
999 _c788
_d788